MARC

LEADER 00000nam0a2200000 4500
001 375534
005 20231102012738.0
035 |a (RuTPU)RU\TPU\retro\32973 
035 |a RU\TPU\book\279925 
090 |a 375534 
100 |a 20221220d1987 k y0rusy50 ca 
101 0 |a rus 
102 |a RU 
105 |a a z 001zy 
200 1 |a Газодинамика и акустика струйных течений  |e сборник научных трудов  |f Академия наук СССР (АН СССР), Сибирское отделение (СО), Институт теоретической и прикладной механики (ИТПМ), (Новосибирск) ; под ред. В. Г. Дулова 
210 |a Новосибирск  |c Академия наук СССР  |d 1987 
215 |a 160 с.  |c ил. 
320 |a Библиография в конце статей 
606 1 |a Струйные течения  |x (гидродинамика)  |2 stltpush  |3 (RuTPU)RU\TPU\subj\57951  |9 75797 
610 1 |a газодинамика 
610 1 |a акустика 
610 1 |a сверхзвуковые течения 
610 1 |a сверхзвуковая струя 
610 1 |a ударные волны 
610 1 |a неустойчивые среды 
610 1 |a автоколебания 
610 1 |a турбулентность 
675 |a 532.52  |v 3 
702 1 |a Дулов  |b В. Г.  |4 340 
712 0 2 |a Академия наук СССР (АН СССР)  |b Сибирское отделение (СО)  |b Институт теоретической и прикладной механики (ИТПМ)  |b (Новосибирск)  |2 stltpush  |3 (RuTPU)RU\TPU\col\11503 
801 1 |a RU  |b 63413507  |c 20140414 
801 2 |a RU  |b 63413507  |c 20221220  |g RCR 
942 |c BK